Проектирование протяжек для обработки отверстий: монография

Bibliographische Detailangaben
1. Verfasser: Промптов А. И.
Körperschaft: Иркутский государственный технический университет (ИрГТУ)
Weitere Verfasser: Зарак Т. В.
Zusammenfassung:Рассмотрено решение задач, связанных с проектированием протяжек, предназначенных для получения отверстий наиболее распространенных форм: цилиндрических, многогранных и шлицевых, а также шпоночных пазов в цилиндрических отверстиях. В объеме, достаточном для выполнения всех расчетов и рабочей документации, представлены справочные материалы. Книга по своему содержанию ориентирована, прежде всего, на студентов машиностроительных специальностей. Вместе с тем авторы выражают надежду, что изложенный в ней материал может быть полезен работникам машиностроительной промышленности, связанным с инструментальным обеспечением производства.
Sprache:Russisch
Veröffentlicht: Иркутск, Изд-во Иркутского ГТУ, 2007
Schlagworte:
Format: Buch
KOHA link:https://koha.lib.tpu.ru/cgi-bin/koha/opac-detail.pl?biblionumber=130329

MARC

LEADER 00000nam0a2200000 4500
001 130329
005 20231101220232.0
035 |a (RuTPU)RU\TPU\book\141153 
090 |a 130329 
100 |a 20080201d2007 k y0rusy50 ca 
101 0 |a rus 
102 |a RU 
105 |a a z 001zy 
200 1 |a Проектирование протяжек для обработки отверстий  |e монография  |f А. И. Промптов, Т. В. Зарак  |g Иркутский государственный технический университет (ИрГТУ) 
210 |a Иркутск  |c Изд-во Иркутского ГТУ  |d 2007 
215 |a 176 с.  |c ил. 
320 |a Библиогр.: с. 150. 
320 |a Условные обозначения: с. 4-5. 
330 |a Рассмотрено решение задач, связанных с проектированием протяжек, предназначенных для получения отверстий наиболее распространенных форм: цилиндрических, многогранных и шлицевых, а также шпоночных пазов в цилиндрических отверстиях. В объеме, достаточном для выполнения всех расчетов и рабочей документации, представлены справочные материалы. Книга по своему содержанию ориентирована, прежде всего, на студентов машиностроительных специальностей. Вместе с тем авторы выражают надежду, что изложенный в ней материал может быть полезен работникам машиностроительной промышленности, связанным с инструментальным обеспечением производства. 
606 1 |a Отверстия  |x Обработка протягиванием  |x Протяжки  |x Точность  |2 stltpush  |3 (RuTPU)RU\TPU\subj\47645  |9 66567 
610 1 |a металлобработка 
610 1 |a расчет 
610 1 |a цилиндрические отверстия 
610 1 |a гранные протяжки 
610 1 |a шлицевые протяжки 
610 1 |a шпоночные протяжки 
610 1 |a инструмент 
675 |a 621.919.2  |v 3 
700 1 |a Промптов  |b А. И. 
701 1 |a Зарак  |b Т. В. 
712 0 2 |a Иркутский государственный технический университет (ИрГТУ)  |c (1993- )  |2 stltpush  |3 (RuTPU)RU\TPU\col\17 
801 1 |a RU  |b 63413507  |c 20080201  |g PSBO 
801 2 |a RU  |b 63413507  |c 20140306  |g PSBO 
942 |c BK